<?xml version="1.0" encoding="UTF-8"?>
<record
    xmlns:xsi="http://www.w3.org/2001/XMLSchema-instance"
    xsi:schemaLocation="http://www.loc.gov/MARC21/slim http://www.loc.gov/standards/marcxml/schema/MARC21slim.xsd"
    xmlns="http://www.loc.gov/MARC21/slim">

  <leader>00448nam a2200181Ia 4500</leader>
  <controlfield tag="005">20230608153729.0</controlfield>
  <controlfield tag="008">210805s9999    xx            000 0 afr</controlfield>
  <datafield tag="020" ind1=" " ind2=" ">
    <subfield code="a">9780799376302</subfield>
  </datafield>
  <datafield tag="040" ind1=" " ind2=" ">
    <subfield code="a">RDA</subfield>
    <subfield code="c">3228</subfield>
  </datafield>
  <datafield tag="082" ind1=" " ind2=" ">
    <subfield code="a">AF CLOE</subfield>
  </datafield>
  <datafield tag="100" ind1=" " ind2=" ">
    <subfield code="a">Cloete, Alta</subfield>
  </datafield>
  <datafield tag="245" ind1=" " ind2="0">
    <subfield code="a">Opdrag van oorkant</subfield>
    <subfield code="c">Alta Cloete</subfield>
  </datafield>
  <datafield tag="260" ind1=" " ind2=" ">
    <subfield code="a">Pretoria :</subfield>
    <subfield code="b">LAPA,</subfield>
    <subfield code="c">2015.</subfield>
  </datafield>
  <datafield tag="300" ind1=" " ind2=" ">
    <subfield code="a">303 pages</subfield>
    <subfield code="c">19 cm</subfield>
  </datafield>
  <datafield tag="942" ind1=" " ind2=" ">
    <subfield code="y">165</subfield>
    <subfield code="z">Lerato Kwadi</subfield>
  </datafield>
  <datafield tag="942" ind1=" " ind2=" ">
    <subfield code="2">ddc</subfield>
  </datafield>
  <datafield tag="942" ind1=" " ind2=" ">
    <subfield code="c">BOOK05</subfield>
    <subfield code="2">ddc</subfield>
  </datafield>
  <datafield tag="999" ind1=" " ind2=" ">
    <subfield code="c">56470</subfield>
    <subfield code="d">56469</subfield>
  </datafield>
  <datafield tag="952" ind1=" " ind2=" ">
    <subfield code="0">0</subfield>
    <subfield code="1">0</subfield>
    <subfield code="2">ddc</subfield>
    <subfield code="4">0</subfield>
    <subfield code="7">0</subfield>
    <subfield code="a">MIDDL</subfield>
    <subfield code="b">MIDDL</subfield>
    <subfield code="c">FIC</subfield>
    <subfield code="d">2023-06-08</subfield>
    <subfield code="l">0</subfield>
    <subfield code="o">AF CLOE</subfield>
    <subfield code="p">3322810061478</subfield>
    <subfield code="r">2023-06-08</subfield>
    <subfield code="w">2023-06-08</subfield>
    <subfield code="y">BOOK</subfield>
  </datafield>
</record>
